000 01660nam a2200337Ia 4500
003 OSt
005 20210210153729.0
008 191128s2011 ck ab gr 000 0dspa d
020 _a9789587381634
040 _aCO-JMCR
_cCO-JMCR
041 1 _aspa
_hger
082 0 4 _a711 /
_bF731u
_223
100 1 _aFrick, Dieter,
_eautor
_913247
245 1 0 _aUna teoría del Urbanismo :
_bacerca de la organización constructivo-espacial de ciudad /
_cDieter Frick ; Traducción de Claudia Ríos
250 _aPrimera edición
260 _aBogotá :
_bEditorial Universidad del Rosario,
_c2011
300 _a268 páginas :
_bmapas a color y a blanco y negro ;
_c24 cm.
490 0 _aColección textos de ekística
500 _aIncluye glosario y datos biográficos del autor en solapa.
504 _aBibliografía: páginas 267-268
505 0 _aLa ciudad existente hacia la descripción y la explicaión de su organización constructivo-espacial -- La ciudad que se planea objetivos y campos de acción para su organización constructivo-espacial -- Construir en la ciudad gestión del desarrollo de su org
520 3 _aUna teoría del urbanismo constituye una importante referencia. Vigente por su elaboración a partir de la redefinición de modelos explicativos del urbanismo que descatan el impacto físico
534 _pTheorie des Städtebaus. Zur Baulich-räumlichen
546 _aTraducido del Alemán
650 1 4 _aCiudades y pueblos
_913248
650 2 4 _aEspacios urbanos
_913249
650 2 4 _aRehabilitación urbana
_913250
650 2 4 _aUrbanismo
_xteorías
_913251
700 1 _aRíos, Claudia,
_etraductora
_913252
942 _2ddc
_cBK
999 _c6150
_d6150